Úspěch v zahraničním obchodě.

Základným predpokladom úspešného vývozu je intenzívna súťaž medzi firmami na domácom trhu. Najlepšie z nich sa presadia i na trhoch zahraničných. Skúmanie príčin, prečo sú firmy určitej krajiny schopné presadiť sa aj v tvrdej súťaži s najlepšími konkurentmi vo svete.

Enregistré dans:
Détails bibliographiques
Auteur principal: Novák, D.
Format: Chapitre de livre
Langue:tchèque
Sujets:
Tags: Ajouter un tag
Pas de tags, Soyez le premier à ajouter un tag!

MARC

LEADER 00000naa a2200000 4500
001 r009143
005 20220831084557.6
041 0 |a cze 
044 |a [CS] 
245 1 0 |a Úspěch v zahraničním obchodě.  |c D. Novák 
520 |a Základným predpokladom úspešného vývozu je intenzívna súťaž medzi firmami na domácom trhu. Najlepšie z nich sa presadia i na trhoch zahraničných. Skúmanie príčin, prečo sú firmy určitej krajiny schopné presadiť sa aj v tvrdej súťaži s najlepšími konkurentmi vo svete. 
610 2 0 |a vývoz 
610 2 0 |a súťaž hospodárska 
610 2 0 |a trh vnútorný 
610 2 0 |a konkurencia medzinárodná 
610 2 0 |a firmy 
610 2 0 |a stratégia podniková 
100 1 |a Novák, D.